Роль куратора в формировании здорового образа жизни студента в условиях нового вуза; Инновационный подход в теории и практике воспитательной работы в вузе

Dades bibliogràfiques
Parent link:Инновационный подход в теории и практике воспитательной работы в вузе.— 2007.— С. 97-98
Autor principal: Соболева Н. П. Надежда Петровна
Idioma:rus
Publicat: 2007
Matèries:
Format: Capítol de llibre
KOHA link:https://koha.lib.tpu.ru/cgi-bin/koha/opac-detail.pl?biblionumber=144283

MARC

LEADER 00000naa2a2200000 4500
001 144283
005 20240206111845.0
035 |a (RuTPU)RU\TPU\book\156369 
090 |a 144283 
100 |a 20081001d2007 k y0rusy50 ca 
101 0 |a rus 
102 |a RU 
200 1 |a Роль куратора в формировании здорового образа жизни студента в условиях нового вуза  |f Н. П. Соболева 
463 0 |0 (RuTPU)RU\TPU\book\140187  |y 5-98425-009-8  |t Инновационный подход в теории и практике воспитательной работы в вузе  |o материалы Всероссийской научно-практической конференции, 12-14 декабря 2007 г., Томск  |f Томский политехнический университет (ТПУ)  |v С. 97-98  |d 2007  |p 202 с. 
610 1 |a кураторы 
610 1 |a образ жизни 
610 1 |a студенты 
610 1 |a вузы 
610 1 |a воспитательная работа 
610 1 |a здоровый образ жизни 
610 1 |a физкультура 
610 1 |a первокурсники 
610 1 |a труды учёных ТПУ 
700 1 |a Соболева  |b Н. П.  |c специалист в области ландшафтоведения  |c доцент Томского политехнического университета, кандидат географических наук  |f 1975-  |g Надежда Петровна  |3 (RuTPU)RU\TPU\pers\26811  |9 12436 
801 1 |a RU  |b 63413507  |c 20081001  |g PSBO 
801 2 |a RU  |b 63413507  |c 20200303  |g RCR 
942 |c BK